| 000 | | | 04914cam0a2200301#x 450 |
| 001 | | | d77bb424-f423-4d93-aa7c-acb93664a372 |
| 005 | | | 20250113151336.0 |
| 100 | ## | $a | 20250113j19450113k###0rusy50 ca |
| 101 | 0# | $a | rus |
| 102 | ## | $a | RU |
| 122 | 0# | $a | d19450113## |
| 200 | 1# | $a | План мероприятий по НКИД СССР в связи с подготовкой к Ялтинской конференции лидеров трех союзных держав |
| | $j | Не позднее 13 января 1945 г. |
| 251 | ## | $c | Документ |
| 300 | ## | $a | Подлинник. Резолюция В. М. Молотова графитным карандашом: "Согласен (с доб[авлениями]). В. Молотов" |
| 461 | #0 | $1 | 2001 |
| | $a | Ф. 06 |
| | $1 | 251 |
| | $c | Фонд |
| | $1 | 852 |
| | $j | 06 |
| 462 | #0 | $1 | 2001 |
| | $a | Оп. 7а. П. 57 |
| | $1 | 251 |
| | $c | Опись |
| | $1 | 852 |
| | $j | 7а. П. 57 |
| 462 | #0 | $1 | 2001 |
| | $a | Д. 1 |
| | $v | Л. 1 |
| | $1 | 251 |
| | $c | Дело |
| | $1 | 852 |
| | $j | 1 |
| 600 | #1 | $2 | prlib_sh |
| | $3 | LIBNET\UAF\0000091212 |
| | $a | Молотов |
| | $b | В. М. |
| | $g | Вячеслав Михайлович |
| | $f | 1890-1986 |
| | $x | Автографы |
| | $j | Документы и материалы |
| 601 | 12 | $2 | rlib_sh |
| | $3 | LIBNET\UAF\0000115083 |
| | $a | Крымская конференция руководителей трех союзных держав - СССР, США и Великобритании |
| | $f | 1945 |
| | $e | Ялта, город; Крым |
| | $x | Подготовка |
| | $j | Документы и материалы |
| 605 | ## | $2 | prlib_sh |
| | $3 | LIBNET\UAF\0000088514 |
| | $a | Вторая мировая война в архивных документах (Комплекс оцифрованных архивных документов, кино- и фотоматериалов) |
| | $l | коллекция |
| 605 | ## | $2 | acquisition_Prlib |
| | $3 | DITM\AF\0000002775 |
| | $a | Власть |
| | $l | коллекция |
| 686 | ## | $a | 63.3(2)622,13ю1 |
| | $v | LBC/M |
| | $2 | rubbk |
| 686 | ## | $a | 63.3(2)622-6ю1 |
| | $v | LBC/M |
| | $2 | rubbk |
| 801 | #0 | $a | RU |
| | $b | ПБ им. Б.Н. Ельцина |
| | $c | 20250113 |
| 801 | #1 | $a | RU |
| | $b | ПБ им. Б.Н. Ельцина |
| | $c | 20250113 |
| | $2 | rusmarc |
| 801 | #2 | $a | RU |
| | $b | ПБ им. Б.Н. Ельцина |
| | $c | 20250113 |
| | $2 | rusmarc |
| 850 | ## | $a | Архив внешней политики Российской Федерации |
| 852 | ## | $a | АВП РФ |
| | $j | Л. 1 |
| 035 | ## | $a | LIBNET\0001448038 |
| 937 | ## | $d | 195742031 |
| | $h | Федеральное архивное агентство |
| 856 | 4# | $u | http://readingroom.main.prlib.ru/item.aspx?id_node=n195742031&mode=full |